|
|
|
|
| LEADER |
00000nab a2200000 a 4500 |
| 001 |
vtls000137403 |
| 003 |
SK-MaSNL |
| 005 |
20260303101631.0 |
| 008 |
111104c1982 xo 0 slo |
| 015 |
|
|
|a SNBRB19rr/mm-uuuuu
|
| 035 |
|
|
|a CL0147509
|
| 040 |
|
|
|a SNKBUCL
|b slo
|c SNKBUCL
|e AACR2
|
| 041 |
0 |
|
|a slo
|
| 044 |
|
|
|a xo
|c SK
|
| 080 |
|
|
|a 543
|2 1981
|
| 100 |
1 |
|
|a Šingliar, Michal,
|d 1923-
|4 aut
|9 220715
|
| 245 |
1 |
0 |
|a Polyetylén ako stacionárna fáza pre plynovú chromatografiu
|c M. Šingliar
|
| 300 |
|
|
|b Obr. 5. Tb. 5.
|
| 650 |
0 |
7 |
|a plynová chromatografia
|2 snkbucl
|9 29309
|
| 655 |
|
7 |
|a články z novín a časopisov
|2 snkbucl
|9 267496
|
| 773 |
0 |
|
|t Petrochémia
|g Roč. 22, č. 4 (1982), s. 114-119
|
| 850 |
|
|
|a Slovenská národná knižnica v Martine
|a MTA001
|
| 852 |
|
|
|a SNK
|b KIS3GCP
|
| 958 |
|
|
|a RK
|
| 992 |
|
|
|a RBX
|
| 999 |
|
|
|c 1839521
|d 1841451
|